Professional Preparation and Curriculum Design in Physical Education and Sports/ (Record no. 173547)

MARC details
000 -LEADER
fixed length control field 00623nam a22001817a 4500
005 - DATE AND TIME OF LATEST TRANSACTION
control field 20200302131545.0
010 ## - LCCN (DPL NO)
LC control number ENG-127947
020 ## - INTERNATIONAL STANDARD BOOK NUMBER
International Standard Book Number 9788175247635
Terms of availability 900.00
035 ## - SYSTEM CONTROL NUMBER
System control number EN-111479
037 ## - SOURCE OF ACQUISITION
Source of stock number/acquisition DBAD/PUB
082 ## - DEWEY DECIMAL CLASSIFICATION NUMBER
Classification number 796.07
100 ## - MAIN ENTRY--PERSONAL NAME
Personal name Dubey,P.B
245 ## - TITLE STATEMENT
Title Professional Preparation and Curriculum Design in Physical Education and Sports/
Statement of responsibility, etc by P.B.Dubey [and] Ataullah Jagirdar
260 ## - PUBLICATION, DISTRIBUTION, ETC. (IMPRINT)
Place of publication, distribution, etc New Delhi
Name of publisher, distributor, etc Khel Sahitya Kendra
Date of publication, distribution, etc 2015
270 ## - ADDRESS
Address 7/26, Ansari Road, Daryaganj
City New Delhi
Postal code 110002
Electronic mail address khelsahitya@rediffmail.com
300 ## - PHYSICAL DESCRIPTION
Extent 308p.
Dimensions 23cm(hb)
942 ## - ADDED ENTRY ELEMENTS (KOHA)
Source of classification or shelving scheme Dewey Decimal Classification
Item type English Books
Classification part 796.07
Call number suffix Dubey
Holdings
Withdrawn status Lost status Not for loan Collection code Home library Current library Date acquired Source of acquisition Cost, normal purchase price Full call number Barcode Copy number Cost, replacement price Koha item type
    Not For Loan Non-fiction Central Library Central Library 02/03/2020 DBAD/PUB 900.00 796.07 Dubey EN-111479 1 900.00 English Books

© Delhi Public Library
Hit Counter
free hit counter